00430nam a2200121Ia 45000010005000000080041000050820020000461000089000662450064001552600047002199010027002669990015002933136241024s9999 xx 000 0 und d aRD/372.71/R426p aRepública Dominicana.Programa Multifase para la Equidad de la Educación Básica 0a¿Qué es el Proyecto Apoyo a la Calidad Educativa (PACE)? bSanto Domingo,República Dominicanac2008 a22/8/2013 8:18:42 a.m. c8667d8667